Die Buschtierader Bahn
| Titel: | Die Buschtierader Bahn |
|---|---|
| Verfasser: | |
| In: |
Jahrbuch der Egerländer, Band 44 (1997), Seite 60-61, Abb. alle Artikel anzeigen |
| Veröffentlicht: | 1997 [1996] |
| Format: | Aufsatz |
| Sprache: | Deutsch |
X
alg: 39146217 001A $01999:11-11-16 001B $01999:25-04-21 $t10:52:00.000 001C $06050:19-11-16 $t09:15:28.000 001D $01999:11-11-16 001U $0utf8 001X $00 002@ $0Aox 003@ $0391462172 007A $0391462172 $aHEB 007T $0Herd36353 010@ $ager 011@ $a1997 $n1997 [1996] 021A $aDie @Buschtierader Bahn 028A $aBraun $dErnst 031A $d44 $h60-61, Abb. $j1997 039B $aIn $8--Abvc--. Jahrbuch der Egerländer. - Nürnberg : HPV Druck + Versand GmbH, 1953-[2022] $x199700000440000940 $9047691646 045F $a330.094371 $eDDC23BSB 045F/01 $a330.09 045F/03 $g4371 045T $a7,41 lok: 39146217 78 exp: 39146217 78 1 #EPN 201B/01 $026-11-20 $t22:54:59.000 201U/01 $0utf8 203@/01 $0787556254 208@/01 $a11-11-16 $be 209A/01 $a/ $f000 $x00 220C/01 $aTitelaufnehmer: rb 244Z/01 $#Tschechien $#Tschechische Republik $#Tschechische Republik $#Tschechenland $#Tschechei Tschechien $#Česká Republika $#Czech Republic $#ČR $74303381-7 $8--Tg1--Tschechien $x01 $9086659812 244Z/01 $2Trx $#Böhmen $#Bohemia $#Czechy $8--Trx--Čechy $x02 $9391188941 244Z/01 $2Trx $#Buschtěhrad Kladno $#Buschtierad $8--Trx--Buštěhrad$gKladno $x03 $9391307843 244Z/01 $#Carlsbad $#Karlovy Vary $74029705-6 $8--Tg1--Karlsbad $x04 $9085078506 244Z/01 $#Cheb $#Egra $#Egrae $#Egire $#Oegra $#Cheb $#Eger Böhmen $#Egra Böhmen $#Agria Böhmen $#Eger Egerland $74013597-4 $8--Tg1--Eger$gKraj Karlsbad $x05 $9085029971 244Z/01 $#Commotov $#Komotau $763291-0 $8--Tg1--Chomutov $x06 $9040497879 244Z/01 $#Chebsko $74013600-0 $8--Tg1--Egerland $x07 $9085030007 244Z/01 $aGeschichte 1830-1923 $x08 244Z/01 $2Trx $#raudtee $#geležinkeliai $#railways $#vasút $#komunikacja kolejowa $#železnice $#železnice $#Kleinbahnen $#úzkokoľajná železnica $#úzkokolejná železnice $8--Trx--Eisenbahn $x09 $9391371827 244Z/01 $2Trx $8--Trx--Zeitschriftenaufsatz $x10 $9391384341 245Z/01 $a13.03 $x01 245Z/01 $a09.05 $x02 247C/01 $82080>Marburg/Lahn, Herder-Institut, Forschungsbibliothek, Bibliographieportal $9336309341
| LEADER | 00000caa a22000002c 4500 | ||
|---|---|---|---|
| 001 | 391462172 | ||
| 003 | DE-603 | ||
| 005 | 20210425105200.0 | ||
| 007 | tu | ||
| 008 | 161111s1997 xx |||| | u00||u|ger c | ||
| 035 | |a (DE-599)HEB391462172 | ||
| 040 | |a DE-603 |b ger |c DE-603 |d DE-603 | ||
| 041 | |a ger | ||
| 082 | 0 | 4 | |8 1\u |a 330.094371 |q DE-101 |2 23/BSB |
| 084 | |a 7,41 |2 ssgn | ||
| 085 | |8 1\u |b 330.09 | ||
| 085 | |8 1\u |z 2 |s 4371 | ||
| 100 | 1 | |a Braun, Ernst | |
| 245 | 0 | 0 | |a Die Buschtierader Bahn |
| 264 | 0 | |c 1997 [1996] | |
| 773 | 0 | 8 | |i In |t Jahrbuch der Egerländer |d Nürnberg : HPV Druck + Versand GmbH, 1953-[2022] |g Band 44 (1997), Seite 60-61, Abb. |w (DE-603)047691646 |w (DE-600)505324-9 |
| 924 | 0 | |9 2080 |a (DE-603)787556254 |b DE-2080 |c HES |d d |g / | |


